000 00563nam a2200193Ia 4500
008 151119s9999||||xx |||||||||||||| ||und||
082 _a891.467
082 _bGKKV25272
100 _aपाठक सुरेश
245 _aवद जाऊ कुणाला शरण
260 _a--
260 _b--
260 _c2005
600 _aपाठक सुरेश
630 _aवद जाऊ कुणाला शरण
700 _aपाठक सुरेश
730 _aवद जाऊ कुणाला शरण
942 _cBOOK
999 _c1077809
_d1077806